MARC

LEADER 00000nam0a2200000 4500
001 257057
005 20231101233153.0
035 |a (RuTPU)RU\TPU\book\279824 
090 |a 257057 
100 |a 20140414d1987 k y0rusy50 ca 
101 0 |a rus 
102 |a RU 
105 |a a z 001zy 
200 1 |a Применение пластмасс в машиностроении  |e сборник научных трудов  |f Московское высшее техническое училище им. Н. Э. Баумана (МВТУ) ; под ред. В. И. Гирша 
210 |a Москва  |c Изд-во МВТУ  |d 1987 
215 |a 92 с.  |c ил. 
225 1 |a Сборник трудов МВТУ им. Н. Э. Баумана  |v Вып. 22 
320 |a Библиогр. в конце ст. 
606 1 |a Пластмассы  |x Применение в машиностроении  |2 stltpush  |3 (RuTPU)RU\TPU\subj\49125  |9 67936 
610 1 |a армированные пластики 
610 1 |a полимерные материалы 
610 1 |a деформирование 
610 1 |a композиционные материалы 
610 1 |a механические свойства 
610 1 |a диагностика 
610 1 |a сварные соединения 
675 |a 621.002.3:678  |v 3 
702 1 |a Гирш  |b В. И.  |4 340 
712 0 2 |a Московское высшее техническое училище им. Н. Э. Баумана (МВТУ)  |c (1943-1989)  |2 stltpush  |3 (RuTPU)RU\TPU\col\3064 
801 1 |a RU  |b 63413507  |c 20140414 
801 2 |a RU  |b 63413507  |c 20141007  |g RCR 
942 |c BK